Llei 16/2002, de 28 de juny, de protecció contra la contaminació acústica / presentació i edició a cura del lletrat Xavier Muro i Bas
Descripción Física:
68 p. ; 21 cm
Colección:
Textos legislatius ; 22
Otros Autores:
Muro i Bas, Xavier, ed
MARC
| LEADER | 00000nam a2200000Ia 4500 | ||
|---|---|---|---|
| 001 | 15070 | ||
| 008 | 160829s2003 xx 000 0 cat d | ||
| 080 | |a C-2-290 | ||
| 100 | |a Catalunya. Llei de protecció contra la contaminació acústica (2002) |9 26911 | ||
| 245 | |a Llei 16/2002, de 28 de juny, de protecció contra la contaminació acústica / presentació i edició a cura del lletrat Xavier Muro i Bas | ||
| 260 | |a Barcelona : |b Parlament de Catalunya, |c 2003 | ||
| 300 | |a 68 p. ; |c 21 cm | ||
| 490 | |a Textos legislatius ; 22 | ||
| 650 | 0 | |a Contaminació acústica |z Catalunya |x Dret i legislació |9 50208 | |
| 700 | |a Muro i Bas, Xavier, ed. |9 26913 | ||
| 710 | 1 | |a Catalunya. |b Parlament |9 11492 | |
| 901 | |a Arxiu | ||
| 942 | |n 1 | ||
| 952 | |0 0 |1 0 |4 0 |6 C2290 |7 1 |9 44204 |a Arxiu |b Arxiu |d 2016-12-01 |l 0 |o C-2-290 |p 15070 |r 2016-12-01 00:00:00 |w 2016-12-01 |y ARXIU | ||
| 999 | |c 46784 |d 46784 | ||